000 00568nam a2200181Ia 4500
008 100917s9999 xx 000 0 und d
082 _b61608
100 _aओक अनंत मो.
245 _aभेट आणि इतर एकांकिका
260 _bत्रदिल प्रकाशन
_c1965
300 _a63
365 _b2
520 _aनाटक
630 _aभेट आणि इतर एकांकिका
650 _aनाटक
730 _aभेट आणि इतर एकांकिका
942 _cBOOK
999 _c667002
_d666999